Kontinuálne s.c. monitorovanie hladín glukózy pred a počas liečby inzulínovou pumpou

Bibliographic Details
Main Authors: Habdáková, Dáša (Author), Krahulec, B. (Author), Štrbová, L. (Author)
Format: Article
Language:Slovak
PhysicalDescription:Obr.
ISSN:1335-4477
Subjects:

MARC

LEADER 00000nab a2200000 a 4500
001 vtls000839617
003 SK-MaSNL
005 20260304215015.0
008 140303c2003 xo 0 slo
015 |a SNBRB2003/07-19381 
035 |a CLN000191272 
040 |a SNKBUCL  |b slo  |c SNKBUCL  |e AACR2 
041 0 |a slo 
044 |a xo  |c SK 
080 |a 616.379-008.64-085  |2 1997 
100 1 |a Habdáková, Dáša  |4 aut  |9 1227675 
245 1 0 |a Kontinuálne s.c. monitorovanie hladín glukózy pred a počas liečby inzulínovou pumpou  |c D. Habdáková, B. Krahulec, L. Štrbová 
300 |b Obr. 
650 0 7 |a diabetes mellitus  |2 SNKPH  |9 72741 
650 0 7 |a terapia  |2 SNKPH  |9 781 
650 0 7 |a inzulínové pumpy  |2 SNKPH  |9 238539 
655 7 |a články z novín a časopisov  |2 SNK  |9 267496 
700 1 |a Krahulec, B.  |4 aut  |9 688327 
700 1 |a Štrbová, L.  |4 aut  |9 786700 
773 0 |t Zdravotnícke noviny  |g Roč. 8, č. 20 (2003)  |x 1335-4477 
773 0 |t Príloha ZdN  |g Č. 20 (2003), s. 12  |x 1335-4477 
850 |a Slovenská národná knižnica v Martine 
852 |a SNK  |b KIS3GCP 
958 |a MI 
992 |a RBX 
999 |c 3144225  |d 3146155